| 000 | 00623cam a2200205 4500 | ||
|---|---|---|---|
| 001 | 255 | ||
| 005 | 20181127161021.0 | ||
| 008 | 821210s1944 nyu 000 0 eng | ||
| 010 | _a 44040365 | ||
| 100 | 1 |
_aHilton, James, _d1900-1954. |
|
| 245 | 1 | 0 | _aLost horizon, |
| 260 |
_aNew York : _bPocket Books, _c1960. |
||
| 300 |
_a231 p. : _c17 cm. |
||
| 650 | 0 |
_aShangri-La (Imaginary place) _vFiction. |
|
| 650 | 0 |
_aSurvival after airplane accidents, shipwrecks, etc. _vFiction. |
|
| 650 | 0 |
_aUtopias _vFiction. |
|
| 651 | 0 |
_aHimalaya Mountains _vFiction. |
|
| 655 | 7 |
_aFantasy fiction. _2gsafd |
|
| 655 | 7 |
_aUtopian fiction. _2gsafd |
|
| 999 |
_c228 _d228 |
||